\

The politics of crisis management : (Record no. 30502)

MARC details
000 -LEADER
fixed length control field 02821cam a2200385 i 4500
001 - CONTROL NUMBER
control field 19176622
005 - DATE AND TIME OF LATEST TRANSACTION
control field 20260223145544.0
008 - FIXED-LENGTH DATA ELEMENTS--GENERAL INFORMATION
fixed length control field 160714s2017 nyu 000 0 eng
010 ## - LIBRARY OF CONGRESS CONTROL NUMBER
LC control number 2016023870
020 ## - INTERNATIONAL STANDARD BOOK NUMBER
International Standard Book Number 9781107544253
040 ## - CATALOGING SOURCE
Original cataloging agency DLC
Language of cataloging eng
Transcribing agency DLC
Description conventions rda
Modifying agency DLC
041 ## - LANGUAGE CODE
Language code of text/sound track or separate title eng
050 00 - LIBRARY OF CONGRESS CALL NUMBER
Classification number JF1525.C74
Item number B65 2016
100 1# - MAIN ENTRY--PERSONAL NAME
Personal name Boin, Arjen,
245 14 - TITLE STATEMENT
Title The politics of crisis management :
Remainder of title public leadership under pressure /
Statement of responsibility, etc. Arjen Boin, Universiteit Leiden, Paul 't Hart, Universiteit Utrecht, Eric Stern, the Swedish National Defence College, Bengt Sundelius, the Swedish National Defence College.
250 ## - EDITION STATEMENT
Edition statement Second edition.
264 #1 - PRODUCTION, PUBLICATION, DISTRIBUTION, MANUFACTURE, AND COPYRIGHT NOTICE
Place of production, publication, distribution, manufacture New York :
Name of producer, publisher, distributor, manufacturer Cambridge University Press,
Date of production, publication, distribution, manufacture, or copyright notice 2016.
300 ## - PHYSICAL DESCRIPTION
Extent viii, 200 pages ;
Dimensions 24 cm
336 ## - CONTENT TYPE
Content type term text
Content type code txt
Source rdacontent
337 ## - MEDIA TYPE
Media type term unmediated
Media type code n
Source rdamedia
338 ## - CARRIER TYPE
Carrier type term volume
Carrier type code nc
Source rdacarrier
500 ## - GENERAL NOTE
General note First edition entered under title.
504 ## - BIBLIOGRAPHY, ETC. NOTE
Bibliography, etc. note Includes bibliographical references and index.
505 8# - FORMATTED CONTENTS NOTE
Formatted contents note Machine generated contents note: Introduction; 1. Managing crises: five strategic leadership tasks; 2. Sense making: grasping crises as they unfold; 3. Decision making and coordinating: shaping the crisis response; 4. Meaning making: constructing a crisis narrative; 5. To end a crisis: managing accountability; 6. Learning and changing: from the crisis to reform; 7. How to deal with crisis: lessons for prudent leadership.
520 ## - SUMMARY, ETC.
Summary, etc. "Crisis management has become a defining feature of contemporary governance. In times of crisis, communities and members of organizations expect their leaders to minimize the impact, while critics and bureaucratic competitors make use of social media to blame incumbent rulers and their policies. In this extreme environment, policymakers must somehow establish a sense of normality, and foster collective learning from the crisis experience. In the new edition of this uniquely comprehensive analysis, the authors examine how strategic leaders deal with the challenges they face, the political risks and opportunities they encounter, the pitfalls they must avoid, and the paths towards reform they may pursue. The book is grounded in decades of collaborative, cross-national and multidisciplinary case study research and has been updated to include new insights and examples from the last decade. This is an original and important contribution from experts in public policy and international security"--
Assigning source Provided by publisher.
650 #0 - SUBJECT ADDED ENTRY--TOPICAL TERM
Topical term or geographic name entry element Crisis management in government.
650 #0 - SUBJECT ADDED ENTRY--TOPICAL TERM
Topical term or geographic name entry element Public administration.
650 #0 - SUBJECT ADDED ENTRY--TOPICAL TERM
Topical term or geographic name entry element Emergency management
General subdivision Political aspects.
700 1# - ADDED ENTRY--PERSONAL NAME
Personal name Boin, Arjen,
Relator term author.
700 1# - ADDED ENTRY--PERSONAL NAME
Personal name Hart, Paul 't,
Relator term author.
700 1# - ADDED ENTRY--PERSONAL NAME
Personal name Stern, Erik,
Relator term author.
700 1# - ADDED ENTRY--PERSONAL NAME
Personal name Sundelius, Bengt,
Relator term author.
942 ## - ADDED ENTRY ELEMENTS (KOHA)
Source of classification or shelving scheme Library of Congress Classification
Koha item type Books
Suppress in OPAC No
Holdings
Withdrawn status Lost status Source of classification or shelving scheme Damaged status Not for loan Collection Home library Current library Date acquired Total checkouts Full call number Barcode Date last seen Copy number Price effective from Koha item type
    Library of Congress Classification     College of Security and Global Studies (CSGS) MAIN MAIN 02/23/2026   JF1525.C74 B65 2016 (C.1) 00000105 02/23/2026 1 02/23/2026 Books
    Library of Congress Classification     College of Security and Global Studies (CSGS) MAIN MAIN 02/23/2026   JF1525.C74 B65 2016 (C.2) 00000106 02/23/2026 2 02/23/2026 Books